01129nam a22001457a 450000500170000000800410001702000230005808200130008124500470009426000420014130000090018352007600019294200120095299900190096420250723110134.0250723b |||||||| |||| 00| 0 eng d a9780571179015qpbk a500bCAR aThe Faber Book Of Science b: cJohn Carey aLondonbFaber And Faber Limitedc1996 a528p a The Faber Book of Science introduces hunting spiders and black holes, gorillas and stardust, protons, photons and neutrinos. In his acclaimed anthology, John Carey plots the development of modern science from Leonardo da Vinci to Chaos Theory. The emphasis is on the scientists themselves and their own accounts of their breakthroughs and achievements. The classic science-writers are included - Darwin, T.H. Huxley and Jean Henri Fabre tracking insects through the Provencal countryside. So too are today's experts - Steve Jones on the Human Genome Project, Richard Dawkins on DNA and many other representatives of the contemporary genre of popular science-writing which, John Carey argues, challenges modern poetry and fiction in its imaginative power. cENGLISH c577110d577110